Hodnotenie tovaru ako súčasť systému riadenia akosti priebežná správa ŠPEV 904 332 306 07

Guardado en:
Detalles Bibliográficos
Formato: Libro
Lenguaje:eslovaco
Publicado: Bratislava VŠE 1987
Etiquetas: Agregar Etiqueta
Sin Etiquetas, Sea el primero en etiquetar este registro!

MARC

LEADER 00000nam a2200000 4500
001 c026649
005 20260325102355.6
041 0 |a slo 
044 |a SK 
245 1 0 |a Hodnotenie tovaru ako súčasť systému riadenia akosti  |b priebežná správa ŠPEV 904 332 306 07 
264 1 |a Bratislava  |b VŠE  |c 1987 
300 |a 55 s.